Responses for Show #6271 - Monday, December 19, 2011

Jason Keller game 2.

Contestants

[<< previous game]

Derek Schuld, a chef from Wisconsin Dells, Wisconsin

Kathleen Schultz, an assistant to the principal from Portland, Oregon

Jason Keller, a tutor from Highland Park, New Jersey (whose 1-day cash winnings total $28,200)

[next game >>]

Jeopardy! Round responses

DOCTOR, LAWYER, NATIVE AMERICAN LEADER
I BELIEVE WEBSTER'S DEFINES IT AS...
(Alex: And we'll give you the definition.)
BOWL GAME CITIES
"I" KNOW IT
BUMPER STICKER HUMOR
LET'S GET SIRIUS
    $200 21
Mayo

Jason
    $200 11
a kayak

Jason
    $200 1
Atlanta

Jason
    $200 6
IHOP

Kathleen
    $200 16
honk

Jason
    $200 26
light-years

Kathleen
    $400 22
Crazy Horse

Kathleen
    $400 12
forecast

Jason
    $400 2
San Antonio

Jason
    $400 7
icons

Kathleen
    $400 17
cheese

Jason
    $400 27
a binary

Jason
    $2,000 23
(Kathleen: Who is... uh... Sotomayor?)

Elena Kagan

Kathleen
    $600 13
thou

Jason
    $600 3
Tempe

Jason
    $600 8
Izod

Jason
    $600 18
went shopping (spent money/charged it accepted)

Kathleen
    $600 28
a white dwarf

Jason
    $800 24
Clarence Darrow

Kathleen
    $800 14
but

Derek
    $800 4
Nashville

Jason
    $800 9
Iberia

Jason
    $800 19
clowns

Kathleen
    $800 29
magnitude

Jason
    $1000 25
(Dr. Samuel) Mudd

Kathleen
    $1000 15
halcyon

Kathleen
    $1000 5
[Applause for Jason's run of the category]
(Alex: You are a football fan, my friend, and you've made it pay off handsomely, but we're out of bowl cities.)

San Diego

Jason
    $1000 10
the Isotopes

Jason
    $1000 20
haunt me

Kathleen
    $1000 30
Isis

Derek

Scores at the first commercial break (after clue 15):

Jason Kathleen Derek
$6,600 $1,600 $800

Scores at the end of the Jeopardy! Round:

Jason Kathleen Derek
$9,200 $4,400 $1,800

Double Jeopardy! Round responses

FACE BOOKS
ACTRESSES
GOING "GREEN"
COUNTRIES' LOCAL NAMES
EXERCISE & FITNESS
CHRISTMASTIME IN NEW YORK
    $400 25
(Kathleen: Face-lift Sourcebook?)

Lift

JasonKathleen
    $400 6
Fatal Attraction

Jason
    $400 18
a greenhouse

Kathleen
    $400 1
Poland

Jason
    $400 12
the core

Kathleen
    $400 7
Times Square

Jason
    $800 26
(Kathleen: What is Crowd?)

Mirror

JasonKathleen
    $800 13
Emma Thompson

Kathleen
    $800 19
a greengrocer

Kathleen
    $800 2
Japan

Derek
    $800 15
an elliptical

Jason
    $800 8
the Rockettes

Kathleen
    $1200 27
Music

Kathleen
    $1200 14
Mila Kunis

Jason
    $1200 20
a greenhorn

Kathleen
    $1200 3
Hungary

Jason
    $1200 16
curves

Jason
    $1200 9
5th Avenue

Kathleen
    $1600 28
Familiar

Kathleen
    $1600 23
Neve Campbell

Kathleen
    $1600 21
a greenbelt

Derek
    $5,000 4
Greece

Jason
    $1600 17
a kettlebell

Triple Stumper
    $1600 10
the Grinch

Jason
    $2000 29
Anatolia

Derek
    $2000 24
Barbara Stanwyck

Kathleen
    $2000 22
greenmail

Kathleen
    $2000 5
Finland

Derek
    $2000 30
Zumba

Kathleen
    $5,000 11
Columbus Circle

Jason

Scores at the end of the Double Jeopardy! Round:

Jason Kathleen Derek
$27,600 $19,200 $8,200

[wagering suggestions for these scores]

Final Jeopardy! Round responses

FAMOUS BUILDINGS
DerekWhat is the Duomo?
$8,200
KathleenWhat is the Parthenon?
$2,700
JasonWhat is [one-letter scribble]
$11,000
the Globe Theatre

Final scores:

Jason Kathleen Derek
$16,600 $16,500 $0
2-day champion: $44,800 2nd place: $2,000 3rd place: $1,000

Game dynamics:

Coryat scores:

Jason Kathleen Derek
$21,200 $21,200 $8,200
29 R
(including 2 DDs),
0 W
23 R,
3 W
(including 1 DD)
6 R,
0 W

Combined Coryat: $50,600

[game clues] [game scores] [suggest correction]

Game tape date: 2011-10-26
The J! Archive is created by fans, for fans. Scraping, republication, monetization, and malicious use prohibited; this site may use cookies and collect identifying information. See terms. The Jeopardy! game show and all elements thereof, including but not limited to copyright and trademark thereto, are the property of Jeopardy Productions, Inc. and are protected under law. This website is not affiliated with, sponsored by, or operated by Jeopardy Productions, Inc. Join the discussion at JBoard.tv.